Statistics for Syria First Level Subdivisions

Click here to take the quiz!

General Stats

  • This quiz has been taken 95 times
  • The average score is 8 of 14

Answer Stats

Muhāfazāt% Correct
Damascus
97%
Aleppo
95%
Homs
84%
Raqqa
78%
Latakia
68%
Idlib
62%
Tartus
57%
Hama
54%
Daraa
43%
Rif Dimashq
41%
Hasaka
35%
Deir ez-Zor
32%
Quneitra
27%
As-Suwayda
16%

Score Distribution

Percentile by Number Answered

Percent of People with Each Score

Your Score History

You have not taken this quiz